| 000 | 00617nam a2200241Ia 4500 | ||
|---|---|---|---|
| 008 | 160803s9999 xx 000 0 und d | ||
| 020 | _a0 590440543 | ||
| 100 | _aAsch, Frank | ||
| 245 | _aBear shadow / | ||
| 245 | _cFrank Asch. | ||
| 260 | _aNew York : | ||
| 260 | _bScholastic Inc. | ||
| 260 | _c1985 | ||
| 300 | _a[32] pages : | ||
| 300 | _bcolor illustration ; | ||
| 300 | _c21 cm | ||
| 500 | _aOriginally pubilshed: New York : Simon & Schuster Books for Young Readers, c1985. | ||
| 650 | _aBears -- | ||
| 650 | _aShadows -- | ||
| 650 | _xFiction. | ||
| 650 | _xFiction. | ||
| 700 | _a580 | ||
| 999 |
_c299442 _d299442 |
||